[Event "XIII Weekend B"]
[Site "Porto Sant'Elpidio ITA"]
[Date "2010.11.20"]
[Round "2"]
[White "Faini, Ivano"]
[Black "Silvestri, Giorgio"]
[Result "1-0"]
[WhiteElo "1674"]
[BlackElo "1780"]
[PlyCount "73"]
[EventDate "2010.11.20"]

1. c4 Nf6 2. g3 g6 3. Bg2 Bg7 4. e4 d6 5. d3 O-O 6. Ne2 c5 7. h3 Nc6 8. Nbc3 a6
9. O-O Rb8 10. a4 Nb4 11. Nd5 Nfxd5 12. exd5 Bf5 13. Nf4 g5 14. g4 Bg6 15. Nxg6
hxg6 16. Re1 Bf6 17. Rb1 Qd7 18. Be4 Kg7 19. Be3 Rh8 20. Bg2 Rh4 21. Qd2 Rbh8
22. Bxg5 Rxh3 23. Bxf6+ exf6 24. Bxh3 Rxh3 25. Re3 Qxg4+ 26. Rg3 Rxg3+ 27. fxg3
Qxg3+ 28. Qg2 Qxd3 29. Re1 Qxc4 30. Re8 Qc1+ 31. Kh2 Nd3 32. b3 Nf4 33. Qf3
Qd2+ 34. Kg1 Nxd5 35. Qh3 Qg5+ 36. Kf2 Qh6 37. Rg8+ 1-0

[Event "XIII Weekend B"]
[Site "Porto Sant'Elpidio ITA"]
[Date "2010.11.20"]
[Round "2"]
[White "Giampieri, Stefano"]
[Black "Fornelli, Marco"]
[Result "1-0"]
[WhiteElo "1849"]
[BlackElo "1648"]
[PlyCount "55"]
[EventDate "2010.11.20"]

1. d4 d5 2. c4 c6 3. Nc3 Nf6 4. e3 e6 5. Nf3 Bd6 6. Bd3 Nbd7 7. O-O O-O 8. e4
dxe4 9. Nxe4 Nxe4 10. Bxe4 e5 11. dxe5 Nxe5 12. Nxe5 Bxe5 13. Bxh7+ Kxh7 14.
Qh5+ Kg8 15. Qxe5 Re8 16. Qg3 Qf6 17. Bd2 Re4 18. Bc3 Qh6 19. Rae1 Rxe1 20.
Rxe1 Be6 21. h3 Rd8 22. Re5 Bxc4 23. Rh5 Qg6 24. Qh4 Rd1+ 25. Kh2 f6 26. Rh8+
Kf7 27. Qxc4+ Ke7 28. Qe2+ 1-0

[Event "XIII Weekend B"]
[Site "Porto Sant'Elpidio ITA"]
[Date "2010.11.20"]
[Round "2"]
[White "Iaconi, Andrea"]
[Black "Mircoli, Filippo"]
[Result "1/2-1/2"]
[WhiteElo "1839"]
[BlackElo "1737"]
[PlyCount "38"]
[EventDate "2010.11.20"]

1. e4 e5 2. Nf3 d6 3. Bc4 Be7 4. d4 exd4 5. Nxd4 Nf6 6. Nc3 O-O 7. O-O Nxe4 8.
Nxe4 d5 9. Bd3 dxe4 10. Bxe4 c6 11. Be3 Nd7 12. Qd2 Nf6 13. Bf3 Bg4 14. Rad1
Bxf3 15. Nxf3 Nd5 16. Bd4 Bf6 17. Bxf6 Qxf6 18. Qd4 Rfe8 19. Qxf6 Nxf6 1/2-1/2

[Event "XIII Weekend B"]
[Site "Porto Sant'Elpidio ITA"]
[Date "2010.11.20"]
[Round "2"]
[White "Marchetti, Michael"]
[Black "Piergentili, Roberto"]
[Result "1/2-1/2"]
[WhiteElo "1618"]
[BlackElo "1791"]
[PlyCount "124"]
[EventDate "2010.11.20"]

1. Nf3 d5 2. b3 Nf6 3. Bb2 e6 4. e3 Be7 5. Be2 c5 6. c4 Nc6 7. d4 O-O 8. O-O
cxd4 9. Nxd4 Re8 10. cxd5 Nxd4 11. Bxd4 exd5 12. Qc2 Be6 13. Nc3 Rc8 14. Rac1
Ne4 15. Bd3 Nxc3 16. Bxc3 h6 17. Qb2 Bf8 18. Rfd1 Qe7 19. Bb1 Qg5 20. Rd4 Rc7
21. Bb4 Rxc1+ 22. Qxc1 Rc8 23. Qd1 Bxb4 24. Rxb4 b6 25. Bd3 Qe7 26. Ra4 a5 27.
h3 Qc5 28. Qf3 Qd6 29. Qf4 Qxf4 30. Rxf4 Rc1+ 31. Kh2 Ra1 32. Ra4 Kf8 33. b4
Bd7 34. b5 Ke7 35. e4 dxe4 36. Rxe4+ Be6 37. Bc4 Kd6 38. Bxe6 fxe6 39. a4 e5
40. Kg3 Rd1 41. f4 exf4+ 42. Kxf4 g6 43. g3 Kc5 44. Ke5 Rd3 45. Rg4 g5 46. Kf5
Rd5+ 47. Kg6 Rd6+ 48. Kg7 Kd5 49. h4 gxh4 50. Rxh4 Rd7+ 51. Kxh6 Kc5 52. Rf4
Rd6+ 53. Kg5 Rd8 54. g4 Rg8+ 55. Kf5 Rf8+ 56. Ke5 Re8+ 57. Kf5 Rf8+ 58. Kg5
Rg8+ 59. Kh6 Rh8+ 60. Kg7 Rh4 61. Kf6 Kd5 62. Kg5 Rh8 1/2-1/2

[Event "XIII Weekend B"]
[Site "Porto Sant'Elpidio ITA"]
[Date "2010.11.20"]
[Round "2"]
[White "Paja, Vega"]
[Black "Ibershimi, Lindita"]
[Result "1/2-1/2"]
[WhiteElo "1488"]
[BlackElo "1560"]
[PlyCount "50"]
[EventDate "2010.11.20"]

1. e4 e5 2. Nf3 Nc6 3. Bb5 Nf6 4. O-O d6 5. Bxc6+ bxc6 6. d3 Be7 7. b3 O-O 8.
Bb2 h6 9. Nbd2 Be6 10. h3 Qd7 11. Nh2 Rab8 12. f4 exf4 13. Rxf4 d5 14. exd5
cxd5 15. Be5 Bd6 16. Bxd6 Qxd6 17. Rf2 c6 18. Nhf3 Rfe8 19. Nd4 c5 20. Nxe6
Rxe6 21. Re2 Rxe2 22. Qxe2 Qe6 23. Re1 Qxe2 24. Rxe2 Re8 25. Rxe8+ Nxe8 1/2-1/2

[Event "XIII Weekend B"]
[Site "Porto Sant'Elpidio ITA"]
[Date "2010.11.20"]
[Round "2"]
[White "Spano' Cuomo, Gaetano"]
[Black "Basso, Fabrizio"]
[Result "0-1"]
[WhiteElo "1784"]
[BlackElo "1730"]
[PlyCount "88"]
[EventDate "2010.11.20"]

1. d4 Nf6 2. c4 e6 3. Nc3 b6 4. e4 Bb7 5. Be3 Nxe4 6. Nf3 Nxc3 7. bxc3 d6 8.
Bd3 Nd7 9. O-O Nf6 10. Nd2 Be7 11. f3 O-O 12. Qc2 Qd7 13. Bf4 Rac8 14. Ne4 Nxe4
15. fxe4 f6 16. e5 f5 17. Rfe1 d5 18. cxd5 Qxd5 19. Qe2 c5 20. Bc4 Qd7 21. Red1
cxd4 22. Be3 Qc6 23. Rxd4 Bc5 24. Bb5 Qc7 25. Bd7 Bxd4 26. Bxe6+ Kh8 27. Bxd4
Rce8 28. Bb3 f4 29. Bc2 Re6 30. Rf1 Bd5 31. Bb3 Bxb3 32. axb3 Qc6 33. Rf3 g5
34. Qf2 Qe4 35. b4 g4 36. Re3 Qf5 37. Re1 h5 38. Qe2 f3 39. gxf3 gxf3 40. Qf2
Rg8+ 41. Kh1 Rg2 42. Qh4 Kh7 43. Qe4 Kg6 44. Qa8 Rxh2+ 0-1

[Event "XIII Weekend B"]
[Site "Porto Sant'Elpidio ITA"]
[Date "2010.11.21"]
[Round "3"]
[White "Basso, Fabrizio"]
[Black "Ramini, Luigi"]
[Result "0-1"]
[WhiteElo "1730"]
[BlackElo "1714"]
[PlyCount "80"]
[EventDate "2010.11.20"]

1. e4 e6 2. d4 d5 3. Nc3 dxe4 4. Nxe4 Nf6 5. Bg5 Be7 6. Bxf6 Bxf6 7. Nf3 Nc6 8.
c3 O-O 9. Bd3 b6 10. Qc2 g6 11. h4 e5 12. dxe5 Nxe5 13. Nxe5 Bxe5 14. O-O-O Bf5
15. f3 Be6 16. h5 Qe7 17. hxg6 fxg6 18. Kb1 Rad8 19. Rde1 Bf5 20. g4 Bxe4 21.
Bxe4 Qg5 22. Re2 Bf4 23. Qb3+ Kg7 24. c4 Rd4 25. Bd5 Be5 26. Qa4 Rd8 27. Rhe1
R8xd5 28. cxd5 Rxa4 29. Rxe5 Qd2 30. g5 Rf4 31. Rc1 Rf7 32. a3 Qd3+ 33. Ka1
Qxf3 34. Rce1 a5 35. R1e3 Qf1+ 36. Re1 Qc4 37. Kb1 b5 38. Ka1 b4 39. axb4 axb4
40. Kb1 b3 0-1

[Event "XIII Weekend B"]
[Site "Porto Sant'Elpidio ITA"]
[Date "2010.11.21"]
[Round "3"]
[White "Fornelli, Marco"]
[Black "Morelli, Basilio"]
[Result "0-1"]
[WhiteElo "1648"]
[BlackElo "1466"]
[PlyCount "79"]
[EventDate "2010.11.20"]

1. d4 d5 2. Nf3 Nf6 3. e3 e6 4. Bd3 c5 5. b3 Be7 6. Bb2 Nbd7 7. Nbd2 a6 8. O-O
b5 9. c4 Rb8 10. Rb1 b4 11. Ne5 Qc7 12. Ndf3 Bd6 13. Nxd7 Bxd7 14. Ne5 Bc8 15.
f4 Bb7 16. cxd5 Nxd5 17. Nc4 Be7 18. Qd2 Nf6 19. Kh1 Ne4 20. Qe1 Qd8 21. Rd1
Bh4 22. Qe2 Nc3 23. Bxc3 bxc3 24. dxc5 Qc7 25. Nd6+ Ke7 26. Nxb7 Rxb7 27. Bxa6
Ra7 28. b4 Rd8 29. Rc1 Rd2 30. Qg4 Bf6 31. Bc4 Qc6 32. Rfd1 Rad7 33. Rxd2 Rxd2
34. Bb3 Qe4 35. Qf3 Qxb4 36. h3 g6 37. Qc6 Kf8 38. Qa8+ Kg7 39. Qa7 Qe4 40. Qa6
0-1

[Event "XIII Weekend B"]
[Site "Porto Sant'Elpidio ITA"]
[Date "2010.11.21"]
[Round "3"]
[White "Ibershimi, Lindita"]
[Black "Giampieri, Stefano"]
[Result "0-1"]
[WhiteElo "1560"]
[BlackElo "1849"]
[PlyCount "120"]
[EventDate "2010.11.20"]

1. c4 e5 2. g3 Nf6 3. Bg2 Bc5 4. d3 O-O 5. Nf3 d6 6. O-O Nc6 7. Nc3 h6 8. Na4
Bb6 9. b3 Be6 10. Bb2 Qc8 11. Nxb6 axb6 12. d4 exd4 13. Nxd4 Nxd4 14. Bxd4 Nh7
15. Re1 Ng5 16. f4 Nh3+ 17. Kf1 g5 18. e3 Bg4 19. Bf3 Bxf3 20. Qxf3 g4 21. Qd5
Ra5 22. Qe4 Re8 23. Qg2 Qf5 24. e4 Qg6 25. Bc3 Raa8 26. Re3 f5 27. e5 c6 28.
Rae1 Rad8 29. e6 Re7 30. Bb4 h5 31. Qd2 c5 32. Bc3 h4 33. Qb2 Rf8 34. Qd2 Rd8
35. Ba1 hxg3 36. hxg3 Qh7 37. Qd5 Qg6 38. R1e2 Kf8 39. Rd3 Kg8 40. Re5 dxe5 41.
Qxd8+ Re8 42. Qxb6 exf4 43. Rd7 Qxe6 44. Rg7+ Kf8 45. Qxc5+ Re7 46. Rxe7 Qxe7
47. Qxf5+ Qf7 48. Qc8+ Qe8 49. Bg7+ Kf7 50. Qxb7+ Kg6 51. gxf4 Nxf4 52. Qb6+
Ne6 53. Be5 Qd7 54. Qe3 Qd1+ 55. Qe1 Qd3+ 56. Kg1 Ng5 57. Qg3 Nf3+ 58. Kf2 Qd2+
59. Kf1 Qd1+ 60. Kf2 Qe1+ 0-1

[Event "XIII Weekend B"]
[Site "Porto Sant'Elpidio ITA"]
[Date "2010.11.21"]
[Round "3"]
[White "Maggiore, Francesco"]
[Black "Spano' Cuomo, Gaetano"]
[Result "0-1"]
[WhiteElo "1751"]
[BlackElo "1784"]
[PlyCount "44"]
[EventDate "2010.11.20"]

1. e4 c5 2. Nf3 Nc6 3. d4 cxd4 4. Nxd4 d6 5. Bb5 Bd7 6. Nc3 a6 7. Bxc6 bxc6 8.
O-O e5 9. Nf3 Nf6 10. h3 Qc7 11. Bg5 h6 12. Be3 Be7 13. Qd3 O-O 14. Rad1 Be6
15. Ne2 d5 16. Ne1 dxe4 17. Qc3 Nd5 18. Qd2 f5 19. f3 f4 20. Bxf4 exf4 21. Ra1
Ne3 22. Rf2 Bc5 0-1

[Event "XIII Weekend B"]
[Site "Porto Sant'Elpidio ITA"]
[Date "2010.11.21"]
[Round "3"]
[White "Marinucci, Johnny"]
[Black "Faini, Ivano"]
[Result "1-0"]
[WhiteElo "1762"]
[BlackElo "1674"]
[PlyCount "144"]
[EventDate "2010.11.20"]

1. d4 Nf6 2. Bf4 g6 3. Nf3 d6 4. h3 Bg7 5. e3 O-O 6. Be2 Nbd7 7. c4 Qe8 8. Nc3
a6 9. O-O e5 10. Bh2 c5 11. Re1 Qe7 12. Rb1 Ra7 13. a3 b6 14. b4 Bb7 15. bxc5
bxc5 16. d5 e4 17. Nd2 Rb8 18. Qa4 Rba8 19. Qa5 Bc8 20. Na4 Ne5 21. Rb3 Qc7 22.
Qxc7 Rxc7 23. Reb1 Bf8 24. Nb6 Raa7 25. a4 a5 26. Nxc8 Rxc8 27. Rb8 Rxb8 28.
Rxb8 Kg7 29. Bxe5 dxe5 30. Rb5 Bd6 31. Nb3 Nd7 32. Nxa5 Bc7 33. Nb7 Bb6 34. Nd6
Rxa4 35. Nxe4 Ra2 36. Bf1 Ra1 37. g4 Ra5 38. Rb1 Ra4 39. Nc3 Rb4 40. Rd1 Rb3
41. Nb5 e4 42. Nd6 Ne5 43. Nxe4 Rb4 44. Nd2 Rb2 45. Kg2 g5 46. Nf3 f6 47. Nxe5
fxe5 48. d6 Kf7 49. Bd3 h6 50. Be4 Rb4 51. Bc6 Kf6 52. Bb5 Ke6 53. Kf3 Rb2 54.
d7 Bd8 55. Ra1 Rd2 56. Ra8 Ke7 57. Rc8 e4+ 58. Kxe4 Rxf2 59. Rc6 Rf6 60. Rxc5
Re6+ 61. Re5 Rxe5+ 62. Kxe5 Bc7+ 63. Kf5 Kf7 64. e4 Bb6 65. c5 Bc7 66. Bc4+ Kg7
67. Ke6 Bd8 68. e5 Kf8 69. Kd6 Ba5 70. e6 Bd8 71. c6 Be7+ 72. Kc7 Bb4 1-0

[Event "XIII Weekend B"]
[Site "Porto Sant'Elpidio ITA"]
[Date "2010.11.21"]
[Round "3"]
[White "Mircoli, Filippo"]
[Black "Bonoli, Luciano"]
[Result "1-0"]
[WhiteElo "1737"]
[BlackElo "1774"]
[PlyCount "79"]
[EventDate "2010.11.20"]

1. e4 g6 2. f4 Bg7 3. Nf3 d6 4. d4 c6 5. Bd3 Bg4 6. O-O Nf6 7. h3 Bxf3 8. Qxf3
Nbd7 9. e5 Nd5 10. c4 Nb4 11. Be4 O-O 12. a3 Na6 13. Be3 f5 14. exf6 Nxf6 15.
Bd3 Nc7 16. Nc3 e6 17. Rae1 d5 18. Bf2 Nh5 19. g3 Nf6 20. g4 Nd7 21. Qg3 Qf6
22. Be3 Qd8 23. f5 e5 24. dxe5 Bxe5 25. Bf4 Bxf4 26. Rxf4 Nc5 27. Bc2 g5 28.
Rd4 Rc8 29. cxd5 Nxd5 30. b4 Nd7 31. Bb3 N7f6 32. Qf3 Kg7 33. Nxd5 Nxd5 34.
Bxd5 cxd5 35. Qxd5 Qc7 36. Qd7+ Qxd7 37. Rxd7+ Rf7 38. Ree7 Rxe7 39. Rxe7+ Kg8
40. Rxb7 1-0

[Event "XIII Weekend B"]
[Site "Porto Sant'Elpidio ITA"]
[Date "2010.11.21"]
[Round "3"]
[White "Piergentili, Roberto"]
[Black "Iaconi, Andrea"]
[Result "1/2-1/2"]
[WhiteElo "1791"]
[BlackElo "1839"]
[PlyCount "37"]
[EventDate "2010.11.20"]

1. d4 Nf6 2. c4 g6 3. Nc3 d5 4. cxd5 Nxd5 5. e4 Nxc3 6. bxc3 Bg7 7. Bc4 O-O 8.
Be3 c5 9. Ne2 cxd4 10. cxd4 Nc6 11. Rc1 Na5 12. Bd3 b6 13. Qd2 Bb7 14. h4 Rc8
15. h5 Rxc1+ 16. Qxc1 Qc8 17. Qxc8 Rxc8 18. hxg6 hxg6 19. f3 1/2-1/2

[Event "XIII Weekend B"]
[Site "Porto Sant'Elpidio ITA"]
[Date "2010.11.21"]
[Round "3"]
[White "Silvestri, Giorgio"]
[Black "Paja, Vega"]
[Result "1/2-1/2"]
[WhiteElo "1780"]
[BlackElo "1488"]
[PlyCount "94"]
[EventDate "2010.11.20"]

1. d4 Nf6 2. c4 g6 3. Nf3 Bg7 4. Nc3 d6 5. e4 O-O 6. Be2 Nbd7 7. O-O c6 8. Qc2
c5 9. dxc5 Nxc5 10. h3 Bd7 11. Rb1 Rc8 12. Nd2 Ne6 13. Nf3 Nc5 14. b4 Ncxe4 15.
Nxe4 Nxe4 16. Bd3 Nf6 17. Qe2 b6 18. Bb2 Nh5 19. Qe3 Be6 20. Bxg7 Kxg7 21. Qd4+
Nf6 22. Ng5 Kg8 23. Nxe6 fxe6 24. Qe3 e5 25. Rbd1 Kg7 26. f4 exf4 27. Qxf4 Nd7
28. Qe4 Rxf1+ 29. Rxf1 Ne5 30. Be2 Qc7 31. h4 Rf8 32. Rxf8 Kxf8 33. Qa8+ Kg7
34. Qe8 Qd7 35. Qa8 Nc6 36. b5 Nd4 37. Bf3 Nxf3+ 38. gxf3 Qh3 39. Qxa7 Qg3+ 40.
Kh1 Qxf3+ 41. Kh2 Qf2+ 42. Kh3 Kf6 43. a4 Qf3+ 44. Kh2 Qf4+ 45. Kh3 h5 46. a5
Qf3+ 47. Kh2 Qf2+ 1/2-1/2

[Event "XIII Weekend B"]
[Site "Porto Sant'Elpidio ITA"]
[Date "2010.11.27"]
[Round "4"]
[White "Basso, Fabrizio"]
[Black "Mircoli, Filippo"]
[Result "1-0"]
[WhiteElo "1730"]
[BlackElo "1737"]
[PlyCount "76"]
[EventDate "2010.11.20"]

1. e4 e5 2. Nf3 d6 3. d4 exd4 4. Nxd4 Be7 5. Bc4 Nf6 6. Nc3 O-O 7. O-O Nxe4 8.
Nxe4 d5 9. Bd3 dxe4 10. Bxe4 c6 11. Re1 Qc7 12. Qf3 Bd6 13. h3 Nd7 14. Bg5 Ne5
15. Qh5 f5 16. Bd3 Nxd3 17. cxd3 Bd7 18. Ne6 Bxe6 19. Rxe6 g6 20. Qh4 Rae8 21.
Rae1 Qd7 22. Qc4 Kg7 23. Qd4+ Kf7 24. Rxd6 Rxe1+ 25. Kh2 Qc7 26. Bf4 Qb6 27.
Qc4+ Ke7 28. Rd4 Re6 29. Bg5+ Rff6 30. Qc3 Qb5 31. Bxf6+ Rxf6 32. Qa3+ c5 33.
Rd5 Rc6 34. Qc3 Rd6 35. Qe5+ Re6 36. Qg7+ Ke8 37. Qg8+ Ke7 38. Qd8+ Kf7 1-0

[Event "XIII Weekend B"]
[Site "Porto Sant'Elpidio ITA"]
[Date "2010.11.27"]
[Round "4"]
[White "Bonoli, Luciano"]
[Black "Piergentili, Roberto"]
[Result "1/2-1/2"]
[WhiteElo "1774"]
[BlackElo "1791"]
[PlyCount "45"]
[EventDate "2010.11.20"]

1. c4 e5 2. g3 Nf6 3. Bg2 d5 4. cxd5 Nxd5 5. Nc3 Nb6 6. Nf3 Nc6 7. O-O Be7 8.
d3 O-O 9. Be3 Be6 10. a3 Nd4 11. Nxe5 Bb3 12. Qd2 Nc2 13. Rac1 Nxe3 14. Qxe3
Nd5 15. Nxd5 Bxd5 16. Bxd5 Qxd5 17. Nf3 Rfe8 18. Qd4 Qxd4 19. Nxd4 Bf6 20. e3
Bxd4 21. exd4 c6 22. Rfe1 g6 23. Kf1 1/2-1/2

[Event "XIII Weekend B"]
[Site "Porto Sant'Elpidio ITA"]
[Date "2010.11.27"]
[Round "4"]
[White "Coccagna, Marcello"]
[Black "Fornelli, Marco"]
[Result "0-1"]
[WhiteElo "1487"]
[BlackElo "1648"]
[PlyCount "66"]
[EventDate "2010.11.20"]

1. e4 c5 2. Nf3 d6 3. Nc3 g6 4. d4 cxd4 5. Nxd4 a6 6. g3 Nf6 7. f3 Bg7 8. Bg2
Nc6 9. Nxc6 bxc6 10. Be3 Rb8 11. Rb1 O-O 12. O-O Qc7 13. Qd2 Rd8 14. Rfd1 e5
15. Bg5 Be6 16. b3 d5 17. exd5 cxd5 18. f4 e4 19. f5 Bxf5 20. Bf4 Qa7+ 21. Kh1
Rbc8 22. Be5 Ng4 23. Bxg7 Kxg7 24. Rf1 Nf6 25. Qf4 Rxc3 26. Rbc1 d4 27. Qe5 Qc5
28. Qxc5 Rxc5 29. Rfd1 d3 30. c4 Ng4 31. Rd2 e3 32. Rb2 d2 33. Rd1 Nf2+ 0-1

[Event "XIII Weekend B"]
[Site "Porto Sant'Elpidio ITA"]
[Date "2010.11.27"]
[Round "4"]
[White "Ibershimi, Lindita"]
[Black "Silvestri, Giorgio"]
[Result "1/2-1/2"]
[WhiteElo "1560"]
[BlackElo "1780"]
[PlyCount "133"]
[EventDate "2010.11.20"]

1. c4 Nf6 2. g3 g6 3. Bg2 Bg7 4. Nf3 c5 5. O-O O-O 6. d3 Nc6 7. Nc3 a6 8. e3
Rb8 9. a3 b5 10. cxb5 axb5 11. Qc2 Qb6 12. Bd2 d6 13. Rab1 e5 14. Na2 b4 15.
axb4 cxb4 16. b3 Ba6 17. Rfc1 Rfc8 18. Be1 Nd7 19. Qd2 Nc5 20. Bf1 Qa5 21. Rc2
Qb5 22. Nc1 e4 23. Nd4 Bxd4 24. exd4 Nxd4 25. Rxc5 Rxc5 26. Qe3 Nf3+ 27. Kg2
Nxe1+ 28. Qxe1 exd3 29. Nxd3 Qc6+ 30. f3 Rc2+ 31. Nf2 Bxf1+ 32. Qxf1 Qc5 33.
Qe1 Ra8 34. Kf1 Qb5+ 35. Kg1 Re8 36. Ne4 Qb6+ 37. Kh1 Kf8 38. Qd1 Rc6 39. Nf6
Re7 40. Nd5 Qf2 41. Nxe7 Kxe7 42. Qe1+ Qxe1+ 43. Rxe1+ Kd7 44. Re4 Rb6 45. Kg2
d5 46. Rd4 Kd6 47. Kf2 Kc5 48. Rf4 f5 49. Ke3 Re6+ 50. Kd3 Re5 51. g4 fxg4 52.
fxg4 h5 53. gxh5 Rxh5 54. h4 g5 55. hxg5 Rxg5 56. Rf8 Rg3+ 57. Kc2 Rc3+ 58. Kb2
d4 59. Rc8+ Kd5 60. Rd8+ Ke4 61. Rb8 Kd3 62. Rxb4 Rc2+ 63. Kb1 Re2 64. Rc4 Re8
65. Rc7 Kd2 66. Rc2+ Kd3 67. Rc7 1/2-1/2

[Event "XIII Weekend B"]
[Site "Porto Sant'Elpidio ITA"]
[Date "2010.11.27"]
[Round "4"]
[White "Marchetti, Michael"]
[Black "Maggiore, Francesco"]
[Result "1/2-1/2"]
[WhiteElo "1618"]
[BlackElo "1751"]
[PlyCount "64"]
[EventDate "2010.11.20"]

1. Nf3 d5 2. b3 Nc6 3. Bb2 Bg4 4. d4 Nf6 5. e3 e6 6. Be2 Bd6 7. Nbd2 O-O 8. O-O
Re8 9. Ne5 Bxe2 10. Qxe2 Bxe5 11. dxe5 Nd7 12. f4 Qe7 13. Nf3 Nd8 14. e4 dxe4
15. Qxe4 Nc6 16. Ng5 g6 17. Qf3 Qc5+ 18. Rf2 Rab8 19. Ne4 Qe7 20. Rd1 Red8 21.
Rfd2 Nf8 22. Rxd8 Rxd8 23. Rxd8 Qxd8 24. Qg4 h5 25. Qg5 Qd1+ 26. Kf2 Qxc2+ 27.
Ke3 Qxb2 28. Nf6+ Kg7 29. Ne8+ Kg8 30. Nf6+ Kg7 31. Ne8+ Kg8 32. Nf6+ Kg7
1/2-1/2

[Event "XIII Weekend B"]
[Site "Porto Sant'Elpidio ITA"]
[Date "2010.11.27"]
[Round "4"]
[White "Paja, Vega"]
[Black "Morelli, Basilio"]
[Result "1/2-1/2"]
[WhiteElo "1488"]
[BlackElo "1466"]
[PlyCount "74"]
[EventDate "2010.11.20"]

1. e4 c5 2. Nf3 Nc6 3. d4 cxd4 4. Nxd4 e5 5. Nf3 Nf6 6. Bg5 Be7 7. Bxf6 Bxf6 8.
c3 d6 9. h3 a6 10. Nbd2 b5 11. Be2 Rb8 12. O-O O-O 13. Rc1 Be6 14. b3 Be7 15.
c4 bxc4 16. Bxc4 Bxc4 17. Nxc4 Na5 18. Qe2 f5 19. Rfd1 Nxc4 20. Qxc4+ Kh8 21.
Nxe5 Qe8 22. Nc6 Rb5 23. Nxe7 Qxe7 24. exf5 Rbxf5 25. Re1 Qa7 26. Rc2 Rxf2 27.
Kh1 Rxc2 28. Qxc2 Qa8 29. Qe4 Qd8 30. Qe2 a5 31. Rf1 Rxf1+ 32. Qxf1 d5 33. Kg1
d4 34. Kf2 h6 35. Qd3 Qf6+ 36. Qf3 Qe5 37. Qe2 Qf4+ 1/2-1/2

[Event "XIII Weekend B"]
[Site "Porto Sant'Elpidio ITA"]
[Date "2010.11.27"]
[Round "4"]
[White "Ramini, Luigi"]
[Black "Marinucci, Johnny"]
[Result "1-0"]
[WhiteElo "1714"]
[BlackElo "1762"]
[PlyCount "47"]
[EventDate "2010.11.20"]

1. d4 d5 2. Nf3 Bf5 3. e3 e6 4. Bd3 Bg6 5. Nc3 Nd7 6. Ne2 Bd6 7. Nf4 Ngf6 8. c3
Bxd3 9. Qxd3 Ne4 10. Nd2 Nxd2 11. Bxd2 O-O 12. e4 Re8 13. e5 Be7 14. Nh5 g6 15.
Nf4 c5 16. h4 Bf8 17. h5 g5 18. Nh3 h6 19. f4 g4 20. Nf2 c4 21. Qg3 f5 22. exf6
Nxf6 23. Nxg4 Ne4 24. Nxh6+ 1-0

[Event "XIII Weekend B"]
[Site "Porto Sant'Elpidio ITA"]
[Date "2010.11.27"]
[Round "4"]
[White "Spano' Cuomo, Gaetano"]
[Black "Giampieri, Stefano"]
[Result "0-1"]
[WhiteElo "1784"]
[BlackElo "1849"]
[PlyCount "79"]
[EventDate "2010.11.20"]

1. d4 d5 2. Nf3 Nf6 3. Bf4 e6 4. e3 Bd6 5. Bxd6 Qxd6 6. c3 O-O 7. Nbd2 Nbd7 8.
Bd3 c6 9. Qc2 Re8 10. O-O-O e5 11. dxe5 Nxe5 12. Nxe5 Qxe5 13. e4 h6 14. exd5
Qxd5 15. Bc4 Qa5 16. Nb3 Qc7 17. Kb1 b5 18. Bd3 a6 19. f3 c5 20. Bf5 Bb7 21.
Qf2 Bc8 22. Bxc8 Raxc8 23. g4 a5 24. h4 a4 25. Nc1 Nd7 26. h5 a3 27. b3 c4 28.
b4 Nb6 29. f4 Na4 30. Kc2 Re4 31. Rd4 Rce8 32. Rhd1 Re3 33. Rd7 Rxc3+ 34. Kb1
Qc6 35. R1d4 Qh1 36. Qd2 Rxc1+ 37. Qxc1 Re1 38. Rd8+ Kh7 39. Rd1 Nc3+ 40. Ka1
0-1

[Event "XIII Weekend B"]
[Site "Porto Sant'Elpidio ITA"]
[Date "2010.11.27"]
[Round "5"]
[White "Faini, Ivano"]
[Black "Ibershimi, Lindita"]
[Result "1-0"]
[WhiteElo "1674"]
[BlackElo "1560"]
[PlyCount "75"]
[EventDate "2010.11.20"]

1. c4 c5 2. g3 g6 3. Bg2 Bg7 4. e4 Nc6 5. Ne2 Nf6 6. d3 d6 7. h3 O-O 8. O-O Nd7
9. Nbc3 Nd4 10. Nxd4 Bxd4 11. Bg5 Ne5 12. Qe2 Nc6 13. Rab1 a6 14. Kh2 Bg7 15.
Qd2 Re8 16. a3 Bd7 17. b4 cxb4 18. axb4 Nd4 19. f4 h6 20. f5 hxg5 21. fxg6 f6
22. Qd1 Bh6 23. Qh5 Kg7 24. Nd5 Rf8 25. h4 Be8 26. hxg5 fxg5 27. Rxf8 Bxg6 28.
Rxd8 Bxh5 29. Rxa8 e6 30. Nc7 Be2 31. Rb8 b5 32. cxb5 axb5 33. Nxb5 Bxd3 34.
Nxd4 Bxb1 35. b5 e5 36. Nf5+ Kg6 37. Nxh6 Kxh6 38. b6 1-0

[Event "XIII Weekend B"]
[Site "Porto Sant'Elpidio ITA"]
[Date "2010.11.27"]
[Round "5"]
[White "Fornelli, Marco"]
[Black "Marchetti, Michael"]
[Result "0-1"]
[WhiteElo "1648"]
[BlackElo "1618"]
[PlyCount "60"]
[EventDate "2010.11.20"]

1. d4 Nf6 2. Nf3 d5 3. e3 e6 4. Bd3 c5 5. b3 Nbd7 6. Bb2 Be7 7. Nbd2 a6 8. c4
b6 9. O-O Bb7 10. Qe2 Ne4 11. cxd5 exd5 12. Ne5 O-O 13. f3 Nxd2 14. Qxd2 Bf6
15. Qc2 h6 16. Ng4 Rc8 17. Nxf6+ Qxf6 18. Qe2 b5 19. dxc5 Qh4 20. Bf5 Rc7 21.
Bc3 b4 22. Bxb4 Qxb4 23. Bxd7 Rxd7 24. Rac1 Rc7 25. Qb2 Rxc5 26. a3 Qb5 27. h3
Rfc8 28. Rxc5 Qxc5 29. Re1 Qc3 30. Qa2 Qxe1+ 0-1

[Event "XIII Weekend B"]
[Site "Porto Sant'Elpidio ITA"]
[Date "2010.11.27"]
[Round "5"]
[White "Giampieri, Stefano"]
[Black "Basso, Fabrizio"]
[Result "1-0"]
[WhiteElo "1849"]
[BlackElo "1730"]
[PlyCount "67"]
[EventDate "2010.11.20"]

1. d4 Nf6 2. c4 e6 3. Nc3 Bb4 4. Nf3 b6 5. e3 Bb7 6. Bd3 O-O 7. O-O Bxc3 8.
bxc3 d6 9. Re1 Nbd7 10. e4 e5 11. Bg5 Re8 12. Qc2 Qe7 13. Nh4 h6 14. Nf5 Qf8
15. Bd2 Nh7 16. d5 Nc5 17. Re3 Nxd3 18. Qxd3 Bc8 19. g4 g6 20. Rh3 gxf5 21.
gxf5 Qe7 22. Bxh6 Kh8 23. Rg3 f6 24. Kh1 Ba6 25. Rag1 Rg8 26. Rg6 Rae8 27. Qg3
Rxg6 28. Qxg6 Ng5 29. Bxg5 fxg5 30. Rxg5 Qxg5 31. Qxg5 Rf8 32. Qh6+ Kg8 33.
Qg6+ Kh8 34. f6 1-0

[Event "XIII Weekend B"]
[Site "Porto Sant'Elpidio ITA"]
[Date "2010.11.27"]
[Round "5"]
[White "Iaconi, Andrea"]
[Black "Bonoli, Luciano"]
[Result "1/2-1/2"]
[WhiteElo "1839"]
[BlackElo "1774"]
[PlyCount "108"]
[EventDate "2010.11.20"]

1. e4 d6 2. d4 Nf6 3. Nc3 g6 4. Nf3 Bg7 5. Be2 O-O 6. O-O c6 7. h3 a6 8. Be3
Qc7 9. Qd2 b5 10. a3 Bb7 11. Bh6 Nbd7 12. Bxg7 Kxg7 13. Rfe1 c5 14. d5 b4 15.
axb4 cxb4 16. Na4 Nxe4 17. Qd4+ Nef6 18. g4 Kg8 19. Bc4 Rfe8 20. g5 Nh5 21. Re3
Rac8 22. b3 Ng7 23. Qg4 Nf5 24. Re2 Nc5 25. Nd4 Nxd4 26. Qxd4 Nd7 27. f4 Nc5
28. h4 Nxa4 29. Rxa4 Qc5 30. Qxc5 Rxc5 31. Rxb4 Bxd5 32. Bxa6 Ra5 33. Bc4 Ra1+
34. Kf2 Bxc4 35. Rxc4 d5 36. Rd4 Ra5 37. c4 dxc4 38. bxc4 e6 39. Red2 Kf8 40.
Kg3 e5 41. Re4 exf4+ 42. Kxf4 Rxe4+ 43. Kxe4 Ke7 44. Rf2 Ra3 45. Kd5 Rd3+ 46.
Kc5 Rd8 47. Re2+ Kf8 48. Re4 Kg7 49. Rf4 f5 50. gxf6+ Kf7 51. Kc6 h6 52. Kc7
Rd3 53. c5 g5 54. hxg5 hxg5 1/2-1/2

[Event "XIII Weekend B"]
[Site "Porto Sant'Elpidio ITA"]
[Date "2010.11.27"]
[Round "5"]
[White "Marinucci, Johnny"]
[Black "Spano' Cuomo, Gaetano"]
[Result "1/2-1/2"]
[WhiteElo "1762"]
[BlackElo "1784"]
[PlyCount "82"]
[EventDate "2010.11.20"]

1. d4 e6 2. Bf4 d5 3. e3 Nf6 4. Nd2 c5 5. c3 Nc6 6. Bd3 Bd7 7. Ngf3 Nh5 8. Bg5
Nf6 9. Ne5 Be7 10. f4 Nxe5 11. fxe5 Ng8 12. Bxe7 Nxe7 13. O-O Ng6 14. g3 Qg5
15. Qe2 O-O 16. Nf3 Qe7 17. h4 b5 18. Ng5 c4 19. Bc2 f5 20. Qh5 h6 21. Qxg6
hxg5 22. Qxg5 Qxg5 23. hxg5 Kf7 24. Kg2 Kg6 25. Rh1 Rh8 26. g4 Kxg5 27. gxf5
exf5 28. Kg3 a5 29. Raf1 b4 30. Bd1 Raf8 31. Rxh8 Rxh8 32. Bf3 Be6 33. Rg1 g6
34. Kf2+ Kh6 35. Kg3 g5 36. Rh1+ Kg7 37. Rxh8 Kxh8 38. Bh5 bxc3 39. bxc3 Kg7
40. Be8 Kf8 41. Bc6 Kg7 1/2-1/2

[Event "XIII Weekend B"]
[Site "Porto Sant'Elpidio ITA"]
[Date "2010.11.27"]
[Round "5"]
[White "Mircoli, Filippo"]
[Black "Paja, Vega"]
[Result "1-0"]
[WhiteElo "1737"]
[BlackElo "1488"]
[PlyCount "49"]
[EventDate "2010.11.20"]

1. e4 e5 2. f4 d5 3. exd5 Qxd5 4. Nf3 Bg4 5. Nc3 Qe6 6. Be2 exf4 7. O-O Bd6 8.
d4 c6 9. Ne5 Bxe2 10. Qxe2 Bxe5 11. dxe5 Nd7 12. Bxf4 O-O-O 13. Rad1 Nb6 14.
Ne4 Nh6 15. Nd6+ Kc7 16. Bxh6 gxh6 17. Rxf7+ Nd7 18. Rdf1 Kb8 19. Rg7 Rdf8 20.
Rff7 Rxf7 21. Rxf7 Rf8 22. Rxh7 Qxa2 23. h3 Qe6 24. Qe4 Nc5 25. Qd4 1-0